[Event "GER-ch Net blitz qual4"]
[Site "Playchess.com INT"]
[Date "2021.05.10"]
[Round "5"]
[White "Gley, Reinhard"]
[Black "Lerch, Martin"]
[Result "1/2-1/2"]
[WhiteElo "1713"]
[BlackElo "1909"]
[PlyCount "120"]
[EventDate "2021.05.10"]
[EventType "swiss (blitz)"]
[EventRounds "11"]
[EventCountry "GER"]
[SourceTitle "CBM 202 Extra"]
[Source "ChessBase"]
[SourceDate "2021.07.31"]
[SourceVersion "1"]
[SourceVersionDate "2021.07.31"]
[SourceQuality "1"]

1. Nf3 e6 2. d4 Nf6 3. Bg5 h6 4. Bh4 c5 5. e3 b6 6. Nbd2 Be7 7. Bd3 Ba6 8. Qe2 Bxd3 9. Qxd3 d5 10. Ne5 Nfd7 11. Bxe7 Qxe7 12. c4 Nxe5 13. dxe5 Nc6 14. cxd5 Nxe5 15. Qb5+ Qd7 16. Qxd7+ Kxd7 17. dxe6+ Kxe6 18. 0-0 Rhd8 19. Nb3 Rac8 20. Rad1 Nc6 21. a3 Rxd1 22. Rxd1 Rd8 23. Rxd8 Nxd8 24. f3 Kd5 25. Nd2 c4 26. g4 b5 27. Kf2 a5 28. Ke2 b4 29. axb4 axb4 30. Ne4 Ne6 31. Kd2 Nc5 32. Ng3 g6 33. h4 Na4 34. Kc2 Nc5 35. h5 Nd3 36. g5 Ne1+ 37. Kd1 Nxf3 38. gxh6 Ng5 39. hxg6 fxg6 40. Ke2 Ke5 41. Kd2 Nh7 42. Ne2 g5 43. Nd4 g4 44. Nc6+ Ke4 45. Nxb4 g3 46. Ke2 g2 47. Kf2 g1Q+ 48. Kxg1 Kxe3 49. Kg2 Kd2 50. Nd5 Kc1 51. Ne3 Kxb2 52. Nxc4+ Kc3 53. Nd6 Kd4 54. Kf3 Ke5 55. Ne4 Kf5 56. Kg3 Kxe4 57. Kg4 Ke5 58. Kh5 Kf6 59. Kg4 Kg6 60. Kg3 Kxh6 1/2-1/2

[Event "GER-ch Net blitz qual4"]
[Site "Playchess.com INT"]
[Date "2021.05.10"]
[Round "6"]
[White "Gley, Reinhard"]
[Black "Palme, Holger"]
[Result "0-1"]
[WhiteElo "1713"]
[BlackElo "1917"]
[PlyCount "86"]
[EventDate "2021.05.10"]
[EventType "swiss (blitz)"]
[EventRounds "11"]
[EventCountry "GER"]
[SourceTitle "CBM 202 Extra"]
[Source "ChessBase"]
[SourceDate "2021.07.31"]
[SourceVersion "1"]
[SourceVersionDate "2021.07.31"]
[SourceQuality "1"]

1. Nf3 d5 2. d4 Nf6 3. c4 c6 4. Nc3 Bg4 5. e3 e6 6. Be2 Be7 7. 0-0 0-0 8. b3 Nbd7 9. Bb2 Qa5 10. a4 Bb4 11. Rc1 Rfd8 12. Qc2 Rac8 13. h3 Bh5 14. Na2 Be7 15. Rfd1 Ne4 16. Bd3 Bg6 17. cxd5 exd5 18. Nc3 f5 19. Nxd5 Qxd5 20. Bc4 Nb6 21. Bxd5+ cxd5 22. Qe2 Rc6 23. Ne5 Re6 24. Nxg6 Rxg6 25. Rc7 Bh4 26. Rf1 Nd6 27. a5 Nbc8 28. Ba3 Nb5 29. Bb4 Nxc7 30. Rc1 Ne6 31. Qf3 f4 32. exf4 Nxd4 33. Qd3 Bf6 34. f5 Rg5 35. g4 Nc6 36. Bd2 Ne5 37. Qe2 d4 38. Bxg5 d3 39. Qe3 d2 40. Rd1 Bxg5 41. Qxe5 Bf6 42. Qe6+ Kf8 43. f4 Re8 0-1

[Event "GER-ch Net blitz qual2"]
[Site "Playchess.com INT"]
[Date "2021.05.04"]
[Round "6"]
[White "Gley, Reinhard"]
[Black "Kuever, Bastian"]
[Result "1-0"]
[WhiteElo "1852"]
[BlackElo "1655"]
[PlyCount "41"]
[EventDate "2021.05.04"]
[EventType "swiss (blitz)"]
[EventRounds "11"]
[EventCountry "GER"]
[SourceTitle "CBM 202 Extra"]
[Source "ChessBase"]
[SourceDate "2021.07.31"]
[SourceVersion "1"]
[SourceVersionDate "2021.07.31"]
[SourceQuality "1"]

1. Nf3 e6 2. d4 Nf6 3. c4 d5 4. Nc3 Be7 5. Bg5 h6 6. Bh4 0-0 7. e3 b6 8. Rc1 Bb7 9. Qc2 Nbd7 10. cxd5 exd5 11. Bd3 Rc8 12. 0-0 c5 13. Qe2 Re8 14. Ba6 Qc7 15. Bg3 Bd6 16. Bxd6 Qxd6 17. Bxb7 Rb8 18. Ba6 cxd4 19. Nxd4 Ne4 20. Bb5 Ndf6 21. Bxe8 1-0

[Event "GER-ch Net blitz qual2"]
[Site "Playchess.com INT"]
[Date "2021.05.04"]
[Round "11"]
[White "Horn, Sven"]
[Black "Gley, Reinhard"]
[Result "1-0"]
[WhiteElo "1903"]
[BlackElo "1852"]
[PlyCount "103"]
[EventDate "2021.05.04"]
[EventType "swiss (blitz)"]
[EventRounds "11"]
[EventCountry "GER"]
[SourceTitle "CBM 202 Extra"]
[Source "ChessBase"]
[SourceDate "2021.07.31"]
[SourceVersion "1"]
[SourceVersionDate "2021.07.31"]
[SourceQuality "1"]

1. e4 e6 2. d4 d5 3. Nd2 dxe4 4. Nxe4 Nf6 5. Ng3 c5 6. Nf3 Nc6 7. c3 cxd4 8. Nxd4 Nxd4 9. Qxd4 Qxd4 10. cxd4 Bb4+ 11. Bd2 Bxd2+ 12. Kxd2 Bd7 13. Rc1 Bc6 14. f3 0-0-0 15. Kc3 Nd5+ 16. Kd2 f5 17. a3 g5 18. Bb5 Nf4 19. Ne2 Rd6 20. Nxf4 gxf4 21. Bxc6 bxc6 22. Rc4 Rg8 23. Rg1 e5 24. Kc3 e4 25. fxe4 fxe4 26. d5 f3 27. Rxe4 cxd5 28. Rf4 Rxg2 29. Rf1 d4+ 30. Rxd4 Rxd4 31. Kxd4 Rxb2 32. Rxf3 Rxh2 33. Rf7 Rh3 34. Kc5 h5 35. Rxa7 h4 36. a4 Rc3+ 37. Kb6 Rb3+ 38. Ka6 Rb4 39. a5 h3 40. Rh7 Rb3 41. Ka7 Kd8 42. a6 Kc8 43. Rh8+ Kc7 44. Rh4 Kc8 45. Rc4+ Kd7 46. Rh4 Kc7 47. Ka8 Rb8+ 48. Ka7 Rb3 49. Rh7+ Kc8 50. Rb7 Ra3 51. Rb8+ Kc7 52. Rh8 1-0

[Event "GER-ch Net blitz qual2"]
[Site "Playchess.com INT"]
[Date "2021.05.04"]
[Round "8"]
[White "Johann, Gregor"]
[Black "Gley, Reinhard"]
[Result "1-0"]
[WhiteElo "1716"]
[BlackElo "1852"]
[PlyCount "83"]
[EventDate "2021.05.04"]
[EventType "swiss (blitz)"]
[EventRounds "11"]
[EventCountry "GER"]
[SourceTitle "CBM 202 Extra"]
[Source "ChessBase"]
[SourceDate "2021.07.31"]
[SourceVersion "1"]
[SourceVersionDate "2021.07.31"]
[SourceQuality "1"]

1. Nf3 Nf6 2. d4 d5 3. Bf4 Bg4 4. e3 e6 5. Nbd2 Bd6 6. Bg3 Nbd7 7. Be2 h5 8. Bxd6 cxd6 9. h3 Bf5 10. c3 Ne4 11. Nxe4 Bxe4 12. Bd3 f5 13. Bxe4 fxe4 14. Nd2 g5 15. Qe2 Qa5 16. a3 Nf6 17. c4 0-0-0 18. b4 Qa4 19. cxd5 exd5 20. Qd1 Qb5 21. Qc2+ Kb8 22. Rc1 Rc8 23. Qd1 Rxc1 24. Qxc1 Rc8 25. Qb2 Qd3 26. Kd1 b5 27. Re1 Rc3 28. Qb1 Rxa3 29. Qxd3 Rxd3 30. Ke2 g4 31. hxg4 hxg4 32. Rh1 a5 33. bxa5 Ra3 34. Rh6 Nd7 35. Rxd6 Kc7 36. Rxd5 Rxa5 37. Rg5 Nf6 38. Rg7+ Kd6 39. Rg6 Ke7 40. Rg7+ Ke6 41. Rg6 Kf5 42. Rg7 1-0

[Event "GER-ch Net blitz qual1"]
[Site "Playchess.com INT"]
[Date "2021.04.24"]
[Round "4"]
[White "Colbow, Collin"]
[Black "Gley, Reinhard"]
[Result "1-0"]
[WhiteElo "2068"]
[BlackElo "1765"]
[PlyCount "141"]
[EventDate "2021.04.24"]
[EventType "swiss (blitz)"]
[EventRounds "11"]
[EventCountry "GER"]
[SourceTitle "CBM 202 Extra"]
[Source "ChessBase"]
[SourceDate "2021.07.31"]
[SourceVersion "1"]
[SourceVersionDate "2021.07.31"]
[SourceQuality "1"]

1. e4 e6 2. d4 d5 3. Nd2 dxe4 4. Nxe4 Be7 5. Nf3 Nf6 6. Nxf6+ Bxf6 7. Be3 b6 8. Bd3 Bb7 9. Qe2 Nd7 10. 0-0-0 Qe7 11. Rhg1 0-0-0 12. g4 h6 13. Ba6 g5 14. Qb5 Nb8 15. Bxb7+ Kxb7 16. Rd3 Rd5 17. Qb3 Rhd8 18. c4 R5d7 19. Rgd1 Na6 20. Qb5 c6 21. Qb3 Qb4 22. Qc2 Nc5 23. dxc5 Bxb2+ 24. Qxb2 Qxb2+ 25. Kxb2 Rxd3 26. Rxd3 Rxd3 27. cxb6 axb6 28. Ne5 Rd1 29. Nxf7 Rh1 30. Nxh6 Rxh2 31. Nf7 Rh4 32. Ne5 c5 33. Bxg5 Rh2 34. Be3 Rg2 35. g5 Kc7 36. Kc3 Kd6 37. Nf3 e5 38. Kd3 Ke6 39. a4 Rg4 40. Nd2 Kf5 41. Nb3 e4+ 42. Kc3 Rh4 43. a5 bxa5 44. Nxa5 Kg4 45. Nb7 Kf3 46. Nxc5 Rg4 47. Ne6 Rg2 48. c5 Rg1 49. Kd4 Rd1+ 50. Ke5 Rd7 51. c6 Re7 52. c7 Re8 53. g6 Kg4 54. Kd6 Kh5 55. Kd7 Ra8 56. g7 Kg6 57. c8Q Rxc8 58. Kxc8 Kf7 59. Nc5 Kxg7 60. Nxe4 Kg6 61. Kd7 Kf5 62. Nd2 Kg4 63. Ke6 Kh5 64. Kf5 Kh4 65. f4 Kg3 66. Ke6 Kh4 67. f5 Kh5 68. f6 Kg6 69. f7 Kg7 70. Ke7 Kg6 71. f8Q 1-0

[Event "GER Cup Net Final-B U2000"]
[Site "Playchess.com INT"]
[Date "2020.06.06"]
[Round "12"]
[White "Gley, Reinhard"]
[Black "Radi, Guenter"]
[Result "1-0"]
[WhiteElo "1853"]
[BlackElo "1525"]
[PlyCount "135"]
[EventDate "2020.06.06"]
[EventType "swiss (blitz)"]
[EventRounds "13"]
[EventCountry "GER"]
[SourceTitle "CBM 197 Extra"]
[Source "ChessBase"]
[SourceDate "2020.09.30"]
[SourceVersion "1"]
[SourceVersionDate "2020.09.30"]
[SourceQuality "1"]

1. Nf3 e6 2. d4 d5 3. Bg5 Be7 4. h4 h6 5. Bf4 Nf6 6. Nbd2 Nbd7 7. g3 c5 8. c3 cxd4 9. cxd4 Bb4 10. a3 Ba5 11. b4 Bb6 12. e3 0-0 13. Rc1 Nh5 14. Bd6 Re8 15. Ne5 Nhf6 16. Bg2 Nxe5 17. Bxe5 Bd7 18. 0-0 Bb5 19. Re1 Qd7 20. Qb3 Rec8 21. Bxf6 gxf6 22. e4 Ba4 23. Qe3 Kg7 24. exd5 exd5 25. Kh2 Rxc1 26. Rxc1 Re8 27. Qf4 Bc6 28. Bh3 Qe7 29. Nf3 Qe4 30. Qg4+ Qxg4 31. Bxg4 Kg6 32. h5+ Kg7 33. Bf5 Re2 34. Kg1 Ra2 35. Rc3 a5 36. Bd3 axb4 37. axb4 Ba4 38. Nh4 Bd7 39. Bf5 Bxd4 40. Rd3 Bxf2+ 41. Kf1 Bxf5 42. Nxf5+ Kh7 43. Rxd5 Bb6 44. Rd7 Rf2+ 45. Ke1 Rxf5 46. Rxf7+ Kg8 47. Rxb7 Bd4 48. g4 Rf4 49. b5 Rxg4 50. b6 Be5 51. Rd7 Rb4 52. b7 Kf8 53. Rh7 Bf4 54. Kf2 Kg8 55. Rd7 Be5 56. Kf3 f5 57. Rd5 Bb8 58. Rd8+ Kf7 59. Rxb8 Kf6 60. Rf8+ Kg5 61. b8Q Rxb8 62. Rxb8 Kxh5 63. Rg8 Kh4 64. Kf4 h5 65. Kxf5 Kh3 66. Kf4 h4 67. Rh8 Kh2 68. Rxh4+ 1-0

[Event "GER Cup Net Final-B U2000"]
[Site "Playchess.com INT"]
[Date "2020.06.06"]
[Round "5"]
[White "Gley, Reinhard"]
[Black "Singh, Marcel"]
[Result "0-1"]
[WhiteElo "1853"]
[BlackElo "2030"]
[PlyCount "58"]
[EventDate "2020.06.06"]
[EventType "swiss (blitz)"]
[EventRounds "13"]
[EventCountry "GER"]
[SourceTitle "CBM 197 Extra"]
[Source "ChessBase"]
[SourceDate "2020.09.30"]
[SourceVersion "1"]
[SourceVersionDate "2020.09.30"]
[SourceQuality "1"]

1. Nf3 Nf6 2. d4 d5 3. h3 Bf5 4. e3 h6 5. Bd3 Bxd3 6. cxd3 e6 7. Nc3 c5 8. dxc5 Bxc5 9. d4 Bd6 10. Qa4+ Nc6 11. Bd2 0-0 12. 0-0 Rc8 13. Rac1 a6 14. a3 Qe7 15. b4 Nb8 16. Ne5 Nbd7 17. Nxd7 Nxd7 18. Ne2 Nb6 19. Qb3 Nc4 20. Bc3 b5 21. Rc2 Rc7 22. Nc1 Rfc8 23. Nd3 a5 24. Rfc1 a4 25. Qa2 Qg5 26. Ne1 Nxe3 27. Bd2 Rxc2 28. Bxe3 Rxc1 29. Bxg5 Rxe1# 0-1

[Event "GER Cup Net Final-B U2000"]
[Site "Playchess.com INT"]
[Date "2020.06.06"]
[Round "7"]
[White "Zettl, Thomas"]
[Black "Gley, Reinhard"]
[Result "1-0"]
[WhiteElo "1772"]
[BlackElo "1853"]
[PlyCount "57"]
[EventDate "2020.06.06"]
[EventType "swiss (blitz)"]
[EventRounds "13"]
[EventCountry "GER"]
[SourceTitle "CBM 197 Extra"]
[Source "ChessBase"]
[SourceDate "2020.09.30"]
[SourceVersion "1"]
[SourceVersionDate "2020.09.30"]
[SourceQuality "1"]

1. e4 e6 2. c4 c5 3. Nc3 Nc6 4. g3 d6 5. Bg2 e5 6. Nge2 Be7 7. 0-0 Bg4 8. h3 Be6 9. d3 Nd4 10. f4 f6 11. f5 Bf7 12. Be3 Qd7 13. Rb1 g6 14. g4 h5 15. Ng3 hxg4 16. hxg4 g5 17. Nd5 0-0-0 18. b4 Kb8 19. Rf2 Rc8 20. bxc5 dxc5 21. Rfb2 Bxd5 22. exd5 b6 23. a4 Ka8 24. a5 Bd8 25. axb6 Bxb6 26. Ra1 Rb8 27. Bxd4 exd4 28. d6+ Rb7 29. Rxb6 1-0

[Event "GER Cup Net V3 U2000"]
[Site "Playchess.com INT"]
[Date "2020.05.27"]
[Round "4"]
[White "Ebner, Bruno"]
[Black "Gley, Reinhard"]
[Result "1-0"]
[WhiteElo "1733"]
[BlackElo "1927"]
[PlyCount "95"]
[EventDate "2020.05.27"]
[EventType "swiss (blitz)"]
[EventRounds "9"]
[EventCountry "GER"]
[SourceTitle "EXT 2021"]
[Source "ChessBase"]
[SourceDate "2020.10.23"]
[SourceVersion "1"]
[SourceVersionDate "2020.10.23"]
[SourceQuality "1"]

1. d4 c5 2. Nf3 cxd4 3. Nxd4 g6 4. Nc3 Bg7 5. e3 Nc6 6. Bb5 Nf6 7. 0-0 0-0 8. Nb3 a6 9. Bxc6 bxc6 10. Qf3 d5 11. h3 e5 12. Rd1 Bf5 13. Qe2 Qb6 14. g4 Be6 15. Na4 Qb5 16. Qxb5 axb5 17. Nac5 Bc8 18. f4 Ne4 19. Nxe4 dxe4 20. Nc5 f5 21. Rd6 exf4 22. exf4 fxg4 23. hxg4 Bxg4 24. Rxc6 Bd4+ 25. Kg2 Bf3+ 26. Kg3 Rfc8 27. Rxc8+ Rxc8 28. Ne6 Bf6 29. c3 Kf7 30. Ng5+ Kg7 31. Nxf3 exf3 32. Kxf3 h5 33. Be3 Rd8 34. a4 bxa4 35. Rxa4 Rb8 36. Ra7+ Kg8 37. Bc1 Rb5 38. Ke4 h4 39. Kf3 h3 40. Kg3 Rh5 41. Kh2 Bh4 42. Rc7 Bf2 43. b4 Bb6 44. Rc6 Bd8 45. Rxg6+ Kf7 46. Rc6 Ke7 47. c4 Bc7 48. Rxc7+ 1-0

[Event "GER Cup Net V3 U2000"]
[Site "Playchess.com INT"]
[Date "2020.05.27"]
[Round "1"]
[White "Gley, Reinhard"]
[Black "Sundui, Chinguun"]
[Result "1-0"]
[WhiteElo "1927"]
[BlackElo "1681"]
[PlyCount "95"]
[EventDate "2020.05.27"]
[EventType "swiss (blitz)"]
[EventRounds "9"]
[EventCountry "GER"]
[SourceTitle "EXT 2021"]
[Source "ChessBase"]
[SourceDate "2020.10.23"]
[SourceVersion "1"]
[SourceVersionDate "2020.10.23"]
[SourceQuality "1"]

1. Nf3 Nc6 2. d4 d5 3. Bg5 Bg4 4. Nbd2 h6 5. Bh4 Nf6 6. e3 e6 7. Bb5 Be7 8. h3 Bxf3 9. Nxf3 a6 10. Bxc6+ bxc6 11. Ne5 c5 12. Nc6 Qd6 13. Nxe7 Qxe7 14. 0-0 c4 15. f3 g5 16. Bg3 Nh5 17. Be5 f6 18. Bh2 0-0 19. f4 Ng7 20. g4 c5 21. c3 cxd4 22. exd4 Qb7 23. Qc2 Qf7 24. Rae1 f5 25. fxg5 hxg5 26. Be5 f4 27. h4 gxh4 28. Rxf4 Qe7 29. Qg6 Rxf4 30. Bxf4 Qf7 31. Qg5 Rf8 32. Rf1 h3 33. Kh2 Qe8 34. Be5 Qd7 35. Rxf8+ Kxf8 36. Qf6+ Qf7 37. Qxg7+ Qxg7 38. Bxg7+ Kxg7 39. Kxh3 Kg6 40. Kh4 a5 41. a4 Kh6 42. g5+ Kg6 43. Kg4 Kf7 44. Kf4 Kg6 45. Ke5 Kxg5 46. Kxe6 Kf4 47. Kxd5 Kf5 48. Kxc4 1-0

[Event "GER Cup Net V3 U2000"]
[Site "Playchess.com INT"]
[Date "2020.05.27"]
[Round "6"]
[White "Platz, Daniel1111"]
[Black "Gley, Reinhard"]
[Result "1-0"]
[WhiteElo "1644"]
[BlackElo "1927"]
[PlyCount "63"]
[EventDate "2020.05.27"]
[EventType "swiss (blitz)"]
[EventRounds "9"]
[EventCountry "GER"]
[SourceTitle "EXT 2021"]
[Source "ChessBase"]
[SourceDate "2020.10.23"]
[SourceVersion "1"]
[SourceVersionDate "2020.10.23"]
[SourceQuality "1"]

1. e4 e6 2. d4 d5 3. e5 c5 4. c3 Bd7 5. Nf3 b5 6. Bd3 Qb6 7. Bc2 a5 8. 0-0 b4 9. Be3 Bb5 10. Re1 c4 11. Ng5 h6 12. Qh5 Ra7 13. f4 a4 14. f5 b3 15. axb3 cxb3 16. Bd1 exf5 17. e6 Nf6 18. exf7+ Kd7 19. Qh3 g6 20. Nf3 Bd3 21. Ne5+ Kc7 22. Nxg6 Bd6 23. Nxh8 Be4 24. Qxh6 Nbd7 25. Bf4 Bxf4 26. Qxf4+ Kc6 27. Ng6 Qd8 28. Ne5+ Kb6 29. Na3 Qh8 30. Nxd7+ Nxd7 31. Qd6+ Ka5 32. Qb4+ 1-0

[Event "GER Cup Net V2 U2000"]
[Site "Playchess.com INT"]
[Date "2020.05.22"]
[Round "7"]
[White "Gley, Reinhard"]
[Black "Meschke, Andreas"]
[Result "1/2-1/2"]
[WhiteElo "1732"]
[BlackElo "1855"]
[PlyCount "208"]
[EventDate "2020.05.22"]
[EventType "swiss (blitz)"]
[EventRounds "9"]
[EventCountry "GER"]
[SourceTitle "EXT 2021"]
[Source "ChessBase"]
[SourceDate "2020.10.23"]
[SourceVersion "1"]
[SourceVersionDate "2020.10.23"]
[SourceQuality "1"]

1. Nf3 d5 2. d4 Nf6 3. Bf4 Bf5 4. h3 c6 5. c3 Nbd7 6. Nbd2 e6 7. Nh4 Qb6 8. Nxf5 exf5 9. Qb3 Be7 10. e3 Ne4 11. f3 Nxd2 12. Kxd2 0-0 13. Qxb6 axb6 14. Bd3 g6 15. a4 Rfe8 16. b4 c5 17. Bb5 Rad8 18. Bc7 cxd4 19. Bxd8 dxe3+ 20. Kxe3 Bxd8+ 21. Kd2 Bg5+ 22. Kd1 Rd8 23. Bxd7 Rxd7 24. Re1 Rc7 25. Ra3 Bf6 26. Kd2 d4 27. cxd4 Bxd4 28. Rd3 Bf6 29. f4 Rc4 30. Rb1 Rxf4 31. Rd6 Kg7 32. Rxb6 Rf2+ 33. Ke3 Rxg2 34. Rxb7 Rg3+ 35. Kf2 Rxh3 36. a5 g5 37. a6 Bd4+ 38. Kg2 Ra3 39. b5 f4 40. Rf1 h5 41. b6 Ra2+ 42. Kf3 Rxa6 43. Ke4 Bxb6 44. Rd1 Be3 45. Rdd7 Re6+ 46. Kf5 Rf6+ 47. Kxg5 f3+ 48. Kxh5 f2 49. Rd1 f1Q 50. Rxf1 Rxf1 51. Kg4 Kg6 52. Rd7 f5+ 53. Kg3 Bf4+ 54. Kg2 Be5 55. Kxf1 f4 56. Kg2 Kf5 57. Kf3 Bb8 58. Rd5+ Ke6 59. Rb5 Bc7 60. Ke4 Kd6 61. Rh5 Kc6 62. Rf5 Kb6 63. Kd4 Kc6 64. Kc4 Bb8 65. Rf6+ Kd7 66. Kd5 Bc7 67. Rf7+ Kd8 68. Ke6 Kc8 69. Kd5 Kd8 70. Kc6 Be5 71. Rf5 Bc3 72. Rxf4 Ke7 73. Re4+ Kf6 74. Kd7 Kf5 75. Re3 Bd4 76. Re2 Be5 77. Re1 Bf4 78. Rf1 Ke5 79. Kc6 Be3 80. Rf8 Bf4 81. Re8+ Kd4 82. Rf8 Be5 83. Rf1 Bg3 84. Rd1+ Ke4 85. Kc5 Bf2+ 86. Kc4 Ke3 87. Rd3+ Ke4 88. Rd7 Ke5 89. Re7+ Kf4 90. Rf7+ Ke3 91. Re7+ Kf3 92. Kd3 Bc5 93. Rf7+ Kg4 94. Ke4 Bd6 95. Rg7+ Kh3 96. Kf3 Kh4 97. Ke4 Kh5 98. Kf5 Kh4 99. Rg4+ Kh3 100. Rg6 Bc7 101. Ke4 Kh4 102. Kf5 Kh3 103. Rg4 Bd6 104. Rg6 Bc7 1/2-1/2

[Event "GER Cup Net V2 U2000"]
[Site "Playchess.com INT"]
[Date "2020.05.22"]
[Round "5"]
[White "Gley, Reinhard"]
[Black "Sossna, Gerald"]
[Result "1-0"]
[WhiteElo "1708"]
[BlackElo "1618"]
[PlyCount "69"]
[EventDate "2020.05.22"]
[EventType "swiss (blitz)"]
[EventRounds "9"]
[EventCountry "GER"]
[SourceTitle "EXT 2021"]
[Source "ChessBase"]
[SourceDate "2020.10.23"]
[SourceVersion "1"]
[SourceVersionDate "2020.10.23"]
[SourceQuality "1"]

1. Nf3 d5 2. d4 Nf6 3. h3 e6 4. Bg5 Be7 5. Nbd2 Nbd7 6. e3 h6 7. Bh4 0-0 8. Bd3 b6 9. Qe2 Bb7 10. g4 Ne4 11. Bxe7 Qxe7 12. c3 c5 13. Bc2 a5 14. Nxe4 dxe4 15. Nd2 Nf6 16. h4 cxd4 17. exd4 Nd5 18. Nxe4 Rac8 19. 0-0-0 Nxc3 20. Nxc3 Bxh1 21. Rxh1 Rfd8 22. Qe4 Qf6 23. d5 Qxf2 24. dxe6 Re8 25. Qh7+ Kf8 26. Qh8+ Ke7 27. Qxg7 Qf4+ 28. Kb1 Rxc3 29. exf7 Qxf7 30. Qxc3 Rd8 31. Re1+ Kf8 32. Qh8+ Qg8 33. Qxh6+ Qg7 34. Rf1+ Kg8 35. Bb3+ 1-0

[Event "GER Cup Net V2 U2000"]
[Site "Playchess.com INT"]
[Date "2020.05.22"]
[Round "8"]
[White "Hofmann, Matthias1111"]
[Black "Gley, Reinhard"]
[Result "0-1"]
[WhiteElo "1622"]
[BlackElo "1738"]
[PlyCount "46"]
[EventDate "2020.05.22"]
[EventType "swiss (blitz)"]
[EventRounds "9"]
[EventCountry "GER"]
[SourceTitle "EXT 2021"]
[Source "ChessBase"]
[SourceDate "2020.10.23"]
[SourceVersion "1"]
[SourceVersionDate "2020.10.23"]
[SourceQuality "1"]

1. e4 e6 2. Nc3 d5 3. f4 d4 4. Nce2 c5 5. d3 Nc6 6. Nf3 b5 7. Ng3 Bb7 8. Be2 Qc7 9. f5 e5 10. 0-0 Be7 11. a3 g6 12. Bg5 f6 13. Bd2 g5 14. Ne1 0-0-0 15. Bh5 Nh6 16. Qe2 Rhg8 17. c3 Bd6 18. b4 dxc3 19. Bxc3 cxb4 20. axb4 Bxb4 21. Bxb4 Nxb4 22. Rxa7 Qb6+ 23. Qe3 Qxe3+ 0-1

[Event "GER Cup Net V1 U2000"]
[Site "Playchess.com INT"]
[Date "2020.05.19"]
[Round "6"]
[White "Gley, Reinhard"]
[Black "Kestler, Martin"]
[Result "1/2-1/2"]
[WhiteElo "1822"]
[BlackElo "1957"]
[PlyCount "150"]
[EventDate "2020.05.19"]
[EventType "swiss (blitz)"]
[EventRounds "9"]
[EventCountry "GER"]
[SourceTitle "EXT 2021"]
[Source "ChessBase"]
[SourceDate "2020.10.23"]
[SourceVersion "1"]
[SourceVersionDate "2020.10.23"]
[SourceQuality "1"]

1. Nf3 d5 2. d4 c6 3. h3 Bf5 4. Nbd2 e6 5. g4 Bg6 6. Ne5 Nd7 7. Nxg6 hxg6 8. Bg2 Bd6 9. e4 dxe4 10. Nxe4 Be7 11. Be3 Ngf6 12. Qd2 Nxe4 13. Bxe4 Nf6 14. Bg2 Nd5 15. 0-0-0 Qb6 16. c4 Nxe3 17. fxe3 0-0-0 18. Rhf1 f6 19. e4 Qb4 20. Qxb4 Bxb4 21. a3 Be7 22. Kc2 Rd7 23. b4 g5 24. Kc3 Rhd8 25. c5 a6 26. Kc4 Kc7 27. Rd3 Rh8 28. a4 Ra8 29. a5 Rad8 30. Rfd1 Bf8 31. d5 exd5+ 32. exd5 cxd5+ 33. Rxd5 Rxd5 34. Rxd5 Rxd5 35. Kxd5 Kd7 36. Be4 Be7 37. Bf5+ Kc7 38. Ke6 Bd8 39. Be4 g6 40. Bxg6 Kc6 41. Bd3 Kc7 42. Be4 Kc8 43. Kf7 Kb8 44. Bd5 Kc8 45. Kg6 Kc7 46. Kh5 Kc8 47. h4 gxh4 48. Kxh4 Bc7 49. Bc4 Be5 50. b5 axb5 51. Bxb5 Kc7 52. c6 bxc6 53. Bd3 Bc3 54. a6 Kb6 55. Kh5 Ka7 56. Kg6 c5 57. Kf5 Bd4 58. Ke6 Bc3 59. Kd5 Bd4 60. Kc6 Be3 61. Bb5 Bd4 62. Bc4 Be3 63. Bd3 Bd4 64. Kd6 Be3 65. Ke6 Bd4 66. Kf5 Kb6 67. Ke6 Ka7 68. Kd7 Be3 69. Kc6 Bd4 70. Kd5 Be3 71. Ke4 Bd4 72. Kf5 Bc3 73. Kg6 Bd4 74. Kh7 Bc3 75. Kg6 Bd4 1/2-1/2

[Event "GER-ch Net Amateur Gr-A Vor3"]
[Site "Playchess.com INT"]
[Date "2020.04.16"]
[Round "4"]
[White "Ruprecht, Martin"]
[Black "Gley, Reinhard"]
[Result "0-1"]
[WhiteElo "1845"]
[BlackElo "1720"]
[PlyCount "78"]
[EventDate "2020.04.16"]
[EventType "swiss (blitz)"]
[EventRounds "9"]
[EventCountry "GER"]
[SourceTitle "CBM 195 Extra"]
[Source "ChessBase"]
[SourceDate "2020.05.31"]
[SourceVersion "1"]
[SourceVersionDate "2020.05.31"]
[SourceQuality "1"]

1. d4 c5 2. d5 e5 3. dxe6 dxe6 4. Qxd8+ Kxd8 5. Nf3 Bd6 6. g3 Nc6 7. c3 Nf6 8. Bg2 h6 9. 0-0 Ke7 10. Nbd2 e5 11. Nc4 Bc7 12. a4 Be6 13. Ne3 g5 14. h3 Rad8 15. g4 Na5 16. Nd2 b6 17. Nf5+ Bxf5 18. gxf5 Rxd2 19. Bxd2 Nb3 20. Rad1 Nxd2 21. Rxd2 Rd8 22. Rfd1 e4 23. Rxd8 Bxd8 24. e3 Bc7 25. Kf1 h5 26. f3 exf3 27. Bxf3 g4 28. hxg4 hxg4 29. Bg2 Nh5 30. Kf2 Bg3+ 31. Ke2 Be5 32. Rd5 Kf6 33. Be4 Ng3+ 34. Kd3 a5 35. Rd7 c4+ 36. Kd2 Nxe4+ 37. Ke2 g3 38. Rb7 g2 39. Rxb6+ Kxf5 0-1

[Event "GER-ch Net Amateur Gr-A Vor3"]
[Site "Playchess.com INT"]
[Date "2020.04.16"]
[Round "6"]
[White "Schwarz, Frank"]
[Black "Gley, Reinhard"]
[Result "1-0"]
[WhiteElo "2010"]
[BlackElo "1771"]
[PlyCount "85"]
[EventDate "2020.04.16"]
[EventType "swiss (blitz)"]
[EventRounds "9"]
[EventCountry "GER"]
[SourceTitle "CBM 195 Extra"]
[Source "ChessBase"]
[SourceDate "2020.05.31"]
[SourceVersion "1"]
[SourceVersionDate "2020.05.31"]
[SourceQuality "1"]

1. d4 c5 2. e3 e6 3. Nf3 d5 4. Bd3 Nf6 5. Nbd2 c4 6. Be2 b5 7. Ne5 Bb7 8. c3 Nbd7 9. f4 Ne4 10. Nxe4 dxe4 11. a4 a6 12. b3 Nxe5 13. fxe5 Qh4+ 14. g3 Qh3 15. Bf1 Qh6 16. axb5 axb5 17. Rxa8+ Bxa8 18. bxc4 Be7 19. cxb5 0-0 20. Bg2 f6 21. exf6 Rxf6 22. Qa4 Bd5 23. c4 Bb7 24. Qa7 Bb4+ 25. Kd1 Qh5+ 26. Kc2 Qe2+ 27. Kb3 Qxg2 28. Rd1 Qe2 29. Rh1 Bf8 30. Bb2 Qxe3+ 31. Bc3 Rf3 32. Qa5 Qxd4 33. Rc1 Qd3 34. Qc7 Rf7 35. Qe5 e3 36. Re1 e2 37. Rxe2 Bf3 38. Rd2 Bd1+ 39. Kb2 Ba3+ 40. Kxa3 Qxc3+ 41. Qxc3 Rf3 42. Rd3 Rxd3 43. Qxd3 1-0

[Event "GER-ch Net Amateur Gr-A Vor2"]
[Site "Playchess.com INT"]
[Date "2020.04.15"]
[Round "1"]
[White "Frick, Christoph"]
[Black "Gley, Reinhard"]
[Result "1-0"]
[WhiteElo "2004"]
[BlackElo "1691"]
[PlyCount "33"]
[EventDate "2020.04.15"]
[EventType "swiss (blitz)"]
[EventRounds "9"]
[EventCountry "GER"]
[SourceTitle "CBM 196 Extra"]
[Source "ChessBase"]
[SourceDate "2020.07.31"]
[SourceVersion "1"]
[SourceVersionDate "2020.07.31"]
[SourceQuality "1"]

1. d4 Nf6 2. Bf4 d6 3. Nc3 h6 4. e4 g5 5. Bg3 Bg7 6. Bc4 c6 7. Qe2 b5 8. Bd3 Bb7 9. e5 dxe5 10. dxe5 Nd5 11. Nxd5 Qxd5 12. Nf3 a6 13. 0-0 0-0 14. Rfd1 Qe6 15. Nd4 Qd5 16. Nf5 Qe6 17. Qe4 1-0